| 000 | 00849nam a2200217Ia 4500 | ||
|---|---|---|---|
| 003 | OSt | ||
| 005 | 20260611120320.0 | ||
| 008 | 210210b2002 xxu||||| |||| 00| 0 eng d | ||
| 020 | _a81 7286 261 X | ||
| 040 | _cAL | ||
| 041 | _aKannada | ||
| 082 | _aK894.1 GANE | ||
| 100 |
_aGANGADHARA CHITTALA. _dಗಂಗಾಧರ ಚಿತ್ತಾಲ _9265638 |
||
| 245 |
_aEppatteradu kavitegalu hagu vimarshakara spandana gangadhara chittalara kavyasrashti. _bಎಪ್ಪತ್ತೆರಡು ಕವಿತೆಗಳು ಹಾಗೂ ವಿಮರ್ಶಕರ ಸ್ಪಂದನ: ಗಂಗಾಧರ ಚಿತ್ತಾಲರ ಕಾವ್ಯಸೃಷ್ಟಿ |
||
| 260 |
_aBengaluru _bPrism books pvt ltd., _c2002 |
||
| 300 | _axii,388 | ||
| 650 |
_aGangadhara chittala _9265639 |
||
| 690 |
_aKannada Poetry _9265640 |
||
| 906 | _a058632 | ||
| 942 |
_2ddc _cBK |
||
| 999 |
_c105975 _d105975 |
||